<?xml version="1.0" encoding="UTF-8"?>
<record
    xmlns:xsi="http://www.w3.org/2001/XMLSchema-instance"
    xsi:schemaLocation="http://www.loc.gov/MARC21/slim http://www.loc.gov/standards/marcxml/schema/MARC21slim.xsd"
    xmlns="http://www.loc.gov/MARC21/slim">

  <leader>00457cam a2200157u  4500</leader>
  <datafield tag="082" ind1=" " ind2=" ">
    <subfield code="a">942.084</subfield>
    <subfield code="b">CHU</subfield>
  </datafield>
  <datafield tag="100" ind1="1" ind2=" ">
    <subfield code="a">Churchill, Winston,</subfield>
    <subfield code="9">49036</subfield>
  </datafield>
  <datafield tag="245" ind1="1" ind2="0">
    <subfield code="a">Into battle: speeches.</subfield>
  </datafield>
  <datafield tag="260" ind1=" " ind2=" ">
    <subfield code="a">London,</subfield>
    <subfield code="b">Cassell</subfield>
    <subfield code="c">[1941]</subfield>
  </datafield>
  <datafield tag="300" ind1=" " ind2=" ">
    <subfield code="a">viii, 313 p.</subfield>
    <subfield code="b">port.</subfield>
    <subfield code="c">22 cm.</subfield>
  </datafield>
  <datafield tag="526" ind1=" " ind2=" ">
    <subfield code="a">0</subfield>
    <subfield code="b">0</subfield>
    <subfield code="c">0</subfield>
    <subfield code="d">942_084000000000000_CHU</subfield>
  </datafield>
  <datafield tag="650" ind1=" " ind2="0">
    <subfield code="a">MCE</subfield>
    <subfield code="9">379</subfield>
  </datafield>
  <datafield tag="650" ind1=" " ind2="0">
    <subfield code="a">World War, 1939-1945</subfield>
    <subfield code="z">Great Britain.</subfield>
    <subfield code="9">48588</subfield>
  </datafield>
  <datafield tag="700" ind1="1" ind2=" ">
    <subfield code="a">Churchill, Randolph S.</subfield>
    <subfield code="9">49973</subfield>
  </datafield>
  <datafield tag="942" ind1=" " ind2=" ">
    <subfield code="2">ddc</subfield>
    <subfield code="c">BK</subfield>
  </datafield>
  <datafield tag="999" ind1=" " ind2=" ">
    <subfield code="c">552714</subfield>
    <subfield code="d">552714</subfield>
  </datafield>
  <datafield tag="952" ind1=" " ind2=" ">
    <subfield code="0">0</subfield>
    <subfield code="1">0</subfield>
    <subfield code="2">ddc</subfield>
    <subfield code="4">0</subfield>
    <subfield code="7">0</subfield>
    <subfield code="a">MCE</subfield>
    <subfield code="b">MCE</subfield>
    <subfield code="c">Archive Section</subfield>
    <subfield code="d">2015-01-21</subfield>
    <subfield code="l">0</subfield>
    <subfield code="o">942.084 CHU</subfield>
    <subfield code="p">MCE-ECI.2</subfield>
    <subfield code="r">2015-01-21</subfield>
    <subfield code="w">2015-01-21</subfield>
    <subfield code="y">BK</subfield>
  </datafield>
  <datafield tag="952" ind1=" " ind2=" ">
    <subfield code="0">0</subfield>
    <subfield code="1">0</subfield>
    <subfield code="2">ddc</subfield>
    <subfield code="4">0</subfield>
    <subfield code="7">0</subfield>
    <subfield code="a">NLS</subfield>
    <subfield code="b">NLS</subfield>
    <subfield code="d">2026-02-17</subfield>
    <subfield code="e">Donated by Mr. Salahuddin Khan Advocate Supreme Court of Pakistan</subfield>
    <subfield code="l">0</subfield>
    <subfield code="o">942.084 CHU</subfield>
    <subfield code="p">NLSD-556</subfield>
    <subfield code="r">2026-02-17</subfield>
    <subfield code="w">2026-02-17</subfield>
    <subfield code="y">BK</subfield>
  </datafield>
</record>
